[Event "AUTO-MASTER-29"]
[Site "http://www.queenalice.com/game.php?id=24985"]
[Date "2005.8.20"]
[Round "1"]
[White "igorrs"]
[Black "rwc"]
[Result "1/2-1/2"]
[WhiteElo "1835"]
[BlackElo "1809"]

1. e4 e5 2. Nf3 Nf6 3. d4 Nxe4 4. Bd3 d5 5. Nxe5 Nd7 6. Nxd7 Bxd7 7. O-O Qh4 8.
Bxe4 dxe4 9. c4 O-O-O 10. c5 Bb5 11. Re1 Bxc5 12. Be3 Bd6 13. g3 Qh3 14. Nc3 Bd3
15. Bg5 f6 16. Bd2 Qf5 17. g4 Qg6 18. f3 f5 19. a4 exf3 20. Qxf3 fxg4 21. Qg2
Rhf8 22. Ne4 h5 23. Nxd6+ Qxd6 24. Be3 Qg6 25. Bf2 Kb8 26. Rac1 Rde8 27. Rxe8+
Rxe8 28. Bg3 Re7 29. Qd5 Qe8 30. Qc5 Qf7 31. d5 h4 32. Bxh4 Rd7 33. Bg3 b6 34.
Qc3 Be4 35. d6 c6 36. Re1 Qd5 37. Qe3 Bf5 38. Qc3 Qf3 39. Qxf3 gxf3 40. Kf2 Bg4
41. Re5 g6 42. Re8+ Kb7 43. Re7 c5 44. Rxd7+ 1/2-1/2

[Event "AUTO-MASTER-29"]
[Site "http://www.queenalice.com/game.php?id=24986"]
[Date "2005.8.20"]
[Round "1"]
[White "rwc"]
[Black "igorrs"]
[Result "1-0"]
[WhiteElo "1790"]
[BlackElo "1854"]

1. d4 Nf6 2. c4 e6 3. g3 d5 4. Bg2 c5 5. Nf3 Nc6 6. cxd5 Qxd5 7. Nc3 Qd8 8. e3
cxd4 9. Nxd4 Nxd4 10. Qxd4 Qxd4 11. exd4 Be7 12. O-O a6 13. Na4 Nd7 14. Re1 O-O
15. d5 Nc5 16. Nb6 Ra7 17. Be3 a5 18. Red1 exd5 19. Rxd5 Ra6 20. Rxc5 Rxb6 21.
Rxc8 Rxb2 22. Rc7 Bf6 23. Bd5 b6 24. Rd1 h5 25. Rb7 h4 26. Bxb6 hxg3 27. fxg3 a4
28. Bc5 Rxb7 29. Bxb7 Rb8 30. Rd7 1-0

[Event "Challenge"]
[Site "http://www.queenalice.com/game.php?id=25755"]
[Date "2005.8.25"]
[Round "-"]
[White "igorrs"]
[Black "arbasa0804"]
[Result "1-0"]
[WhiteElo "1781"]
[BlackElo "1350"]

1. e4 e5 2. Nf3 Bd6 3. b3 Nf6 4. Nc3 c6 5. Bb2 Bb4 6. Be2 Bxc3 7. Bxc3 Nxe4 8.
Bxe5 Qb6 9. O-O d6 10. Bxg7 Rg8 11. Bh6 Bh3 12. Ne1 Rg6 13. Be3 Qa5 14. Bf3 Nf6
15. Nd3 Nh5 16. Bxh5 Rxg2+ 17. Kh1 Rg7 18. Rg1 Rxg1+ 19. Kxg1 Qd5 20. Qf3 Qe6
21. Re1 Nd7 22. Bxa7 Ne5 23. Nxe5 dxe5 24. d4 Kd7 25. Rxe5 Rg8+ 26. Kh1 Qh6 27.
Qxf7+ Kd6 28. Qe7# 1-0

[Event "Challenge"]
[Site "http://www.queenalice.com/game.php?id=27812"]
[Date "2005.9.9"]
[Round "-"]
[White "igorrs"]
[Black "gisubr"]
[Result "1-0"]
[WhiteElo "1851"]
[BlackElo "1764"]

1. e4 e6 2. d4 d5 3. Nd2 c5 4. exd5 exd5 5. Ngf3 Nc6 6. dxc5 Bxc5 7. Nb3 Bd6 8.
Be2 Nge7 9. c3 O-O 10. Be3 Re8 11. O-O Ng6 12. Qd2 Be6 13. Rad1 Qc7 14. g3 Rad8
15. Nfd4 a6 16. Nxc6 1-0

[Event "Challenge"]
[Site "http://www.queenalice.com/game.php?id=29065"]
[Date "2005.9.16"]
[Round "-"]
[White "igorrs"]
[Black "ilardi"]
[Result "1-0"]
[WhiteElo "1839"]
[BlackElo "1146"]

1. e4 e5 2. Nf3 Nc6 3. Bb5 a6 4. Bxc6 dxc6 5. O-O Nf6 6. Nxe5 Be7 7. d3 O-O 8.
Bd2 Re8 9. Bc3 Bd6 10. f4 Nd7 11. Qf3 f6 12. Nxd7 Bxd7 13. Nd2 Bc5+ 14. Kh1 Qc8
15. Qg3 Qd8 16. f5 Bd6 17. Qh4 Qe7 18. Rf3 Be5 19. Bxe5 Qxe5 20. Nc4 Qe7 21. Ne3
Qc5 22. Rh3 h6 23. Rg3 Kf7 24. Qh5+ Ke7 25. Rxg7+ Kd6 26. Nc4+ 1-0

[Event "Challenge"]
[Site "http://www.queenalice.com/game.php?id=30206"]
[Date "2005.9.24"]
[Round "-"]
[White "igorrs"]
[Black "Katasstrov"]
[Result "1-0"]
[WhiteElo "1841"]
[BlackElo "1689"]

1. e4 d6 2. d4 Nf6 3. Nc3 g6 4. Nf3 Bg7 5. Be3 O-O 6. Qd2 Ng4 7. Bf4 e5 8. dxe5
dxe5 9. Bg3 Nc6 10. h3 Nh6 11. O-O-O Qe7 12. Bh4 Qe8 13. Bg5 Nd4 14. Bxh6 Be6
15. Bxg7 Kxg7 16. Nxd4 exd4 17. Qxd4+ Kg8 18. Bc4 Bxc4 19. Qxc4 c6 20. f4 b5 21.
Qd4 Qe7 22. Qd6 Qb7 23. g4 a5 24. f5 a4 25. a3 Qb6 26. Nd5 Qb7 27. Ne7+ Kg7 28.
f6+ Kh8 29. Qf4 1-0

[Event "AUTO-MASTER-49"]
[Site "http://www.queenalice.com/game.php?id=30960"]
[Date "2005.9.30"]
[Round "1"]
[White "Nephi_R"]
[Black "igorrs"]
[Result "0-1"]
[WhiteElo "1843"]
[BlackElo "1904"]

1. e4 e5 2. Nf3 Nf6 3. Nxe5 d6 4. Nf3 Nxe4 5. d4 d5 6. c3 Bd6 7. Bd3 O-O 8. O-O
c6 9. Ne5 Qc7 10. Be3 Bxe5 11. dxe5 Qxe5 12. Bd4 Qc7 13. b4 Be6 14. Qc2 f5 15.
f3 Nd6 16. Nd2 Nd7 17. Rfe1 Rae8 18. Nf1 b6 19. Rad1 c5 20. Bf2 c4 21. Be2 f4
22. g4 Ne5 23. h3 Rf6 24. Bd4 Bf7 25. h4 Rfe6 26. Nh2 Nd3 27. g5 Nxe1 28. Rxe1
Qe7 29. Kf2 Bg6 30. Qd2 Bd3 0-1

[Event "AUTO-MASTER-49"]
[Site "http://www.queenalice.com/game.php?id=30961"]
[Date "2005.9.30"]
[Round "1"]
[White "igorrs"]
[Black "Nephi_R"]
[Result "1-0"]
[WhiteElo "1927"]
[BlackElo "1848"]

1. e4 c6 2. d4 d5 3. Nd2 e6 4. Ngf3 Nf6 5. e5 Nfd7 6. Be2 Be7 7. Nb3 a6 8. Be3
b6 9. O-O O-O 10. Ne1 c5 11. c3 Nc6 12. f4 Re8 13. Nc2 cxd4 14. cxd4 Nf8 15. Rc1
Bd7 16. Bd2 a5 17. a4 Ng6 18. Ne3 Na7 19. Na1 Rc8 20. b3 Ba3 21. Rxc8 Qxc8 22.
Nac2 Be7 23. Bd3 Nh4 24. g3 Nf5 25. Bxf5 exf5 26. Nxd5 Be6 27. Nxe7+ Rxe7 28.
Ne3 Rd7 29. Be1 Qd8 30. Bc3 Nc6 31. d5 Bxd5 32. Nxf5 Bc4 33. Qg4 g6 34. bxc4 Rd3
35. Nh6+ Kg7 36. Bb2 Kxh6 37. e6 fxe6 38. Qh3+ 1-0

[Event "AUTO-MASTER-49"]
[Site "http://www.queenalice.com/game.php?id=30974"]
[Date "2005.9.30"]
[Round "1"]
[White "alib2004"]
[Black "igorrs"]
[Result "0-1"]
[WhiteElo "1715"]
[BlackElo "1867"]

1. e4 e5 2. Nf3 Nf6 3. Bc4 Nxe4 4. Nxe5 d5 5. Bb3 Be6 6. d3 Nf6 7. O-O Bd6 8.
Re1 Nbd7 9. Nxd7 Qxd7 10. Nc3 O-O 11. Bg5 Be7 12. Qf3 c6 13. h3 Rfe8 14. Rad1 h6
15. Bd2 Bd6 16. a3 Re7 17. Bxh6 d4 18. Ne2 Bxb3 19. cxb3 gxh6 20. Qxf6 Re6 21.
Qh4 Rae8 22. Kf1 c5 23. Ng3 f5 24. Nh5 Rxe1+ 25. Rxe1 Rxe1+ 26. Kxe1 Qe6+ 27.
Kd2 Qxb3 28. Nf6+ Kf7 29. Qxh6 Qxb2+ 30. Ke1 Qc3+ 31. Kf1 Qxd3+ 32. Kg1 Qd1# 0-1

[Event "AUTO-MASTER-49"]
[Site "http://www.queenalice.com/game.php?id=30975"]
[Date "2005.9.30"]
[Round "1"]
[White "igorrs"]
[Black "alib2004"]
[Result "1-0"]
[WhiteElo "1864"]
[BlackElo "1547"]

1. e4 c5 2. Nf3 Nc6 3. b3 d6 4. Bb2 e6 5. d4 cxd4 6. Nxd4 e5 7. Nxc6 bxc6 8. Nd2
Nf6 9. Bd3 Be7 10. O-O O-O 11. c4 Bb7 12. Qc2 h6 13. Rfd1 d5 14. exd5 cxd5 15.
Bxe5 dxc4 16. Nxc4 Qe8 17. Rac1 Qc6 18. Ne3 Qxc2 19. Rxc2 Rfe8 20. Nf5 Rad8 21.
Nxe7+ Rxe7 22. f4 Red7 23. Rc7 Rxc7 24. Bxc7 Rd7 25. Bc2 Rxc7 26. Rd8+ 1-0

[Event "AUTO-MASTER-49"]
[Site "http://www.queenalice.com/game.php?id=30984"]
[Date "2005.9.30"]
[Round "1"]
[White "igorrs"]
[Black "salazar"]
[Result "1-0"]
[WhiteElo "1874"]
[BlackElo "1862"]

1. e4 e5 2. Nf3 Nc6 3. Bb5 a6 4. Bxc6 dxc6 5. O-O Bg4 6. d3 Qf6 7. Nbd2 Ne7 8.
b3 Ng6 9. Bb2 Bd6 10. Qe1 Nf4 11. Qe3 b6 12. d4 Qg6 13. Nh4 Qh6 14. Nhf3 exd4
15. Bxd4 O-O 16. Kh1 Qe6 17. Nc4 Nxg2 18. Kxg2 Bh3+ 19. Kh1 Bxf1 20. Rxf1 Be7
21. Rg1 Bf6 22. Qf4 Bxd4 23. Nxd4 Qe8 24. f3 g6 25. Qxc7 Qd8 26. Qxd8 Raxd8 27.
Nxc6 Rd7 28. Nxb6 Rd2 29. Rc1 Rf2 30. Nd5 Kg7 31. Kg1 Rd2 32. Ne5 f5 33. Nc4 Rd4
34. c3 Rd3 35. Nf4 fxe4 36. Nxd3 exd3 37. Kf2 Re8 38. Re1 Rd8 39. Rd1 Kf6 40.
Nb2 d2 41. Nc4 Rd3 42. Nxd2 Kf5 43. c4 a5 44. Ke2 Rd6 45. Ne4 Rc6 46. Rd5+ Kf4
47. Rxa5 h6 48. a4 g5 49. h3 Rb6 50. Rb5 Rc6 51. a5 Ra6 52. b4 1-0

[Event "AUTO-MASTER-49"]
[Site "http://www.queenalice.com/game.php?id=30985"]
[Date "2005.9.30"]
[Round "1"]
[White "salazar"]
[Black "igorrs"]
[Result "0-1"]
[WhiteElo "1846"]
[BlackElo "1890"]

1. e4 e5 2. Nf3 Nf6 3. Nxe5 d6 4. Nf3 Nxe4 5. Qe2 Qe7 6. d3 Nf6 7. c4 Bg4 8.
Qxe7+ Bxe7 9. Be2 Nc6 10. a3 O-O 11. h3 Bf5 12. Nc3 a6 13. b4 Ne5 14. Nxe5 dxe5
15. O-O a5 16. b5 Bc5 17. Be3 Bd4 18. Rac1 Rad8 19. Rfd1 Bg6 20. g4 c6 21. a4
Nd7 22. Bf3 Nc5 23. bxc6 bxc6 24. Bxc6 Nxd3 25. Ra1 Bxc3 26. Ra3 Bb4 27. Rb3 Nc5
28. Rxd8 Nxb3 29. Rxf8+ Kxf8 30. f4 exf4 31. Bxf4 Ke7 32. Kf2 Bc2 33. g5 Nc5 34.
Be5 Nd3+ 0-1

[Event "AUTO-ADV-39"]
[Site "http://www.queenalice.com/game.php?id=41004"]
[Date "2005.12.1"]
[Round "2"]
[White "RationalKing"]
[Black "igorrs"]
[Result "0-1"]
[WhiteElo "1882"]
[BlackElo "1954"]

1. e4 e5 2. Nc3 Nf6 3. f4 d5 4. fxe5 Nxe4 5. Qf3 Nc6 6. Bb5 Nxc3 7. dxc3 Qh4+ 8.
g3 Qe4+ 9. Qxe4 dxe4 10. Bf4 Bc5 11. O-O-O O-O 12. Bxc6 bxc6 13. b4 Bf2 14. h3
Be6 15. a3 Rfd8 16. Ne2 Rxd1+ 17. Kxd1 e3 18. Nd4 Bd5 19. Rh2 c5 20. Ne2 Bf3 21.
Kc1 Bxe2 22. Bxe3 Bxe3+ 0-1

[Event "AUTO-ADV-39"]
[Site "http://www.queenalice.com/game.php?id=41005"]
[Date "2005.12.1"]
[Round "2"]
[White "igorrs"]
[Black "RationalKing"]
[Result "1-0"]
[WhiteElo "1940"]
[BlackElo "1896"]

1. e4 c5 2. Nf3 d6 3. c3 Nf6 4. Be2 Nxe4 5. Qa4+ Nc6 6. Qxe4 g6 7. O-O Bg7 8. d4
Bf5 9. Qe3 O-O 10. dxc5 d5 11. Nd4 Bd7 12. Nxc6 Bxc6 13. Nd2 e5 14. Nf3 Re8 15.
Qg5 Bf6 16. Qg3 e4 17. Nd4 Bd7 18. Bf4 Bh4 19. Qe3 Bf6 20. Nb5 Bxb5 21. Bxb5 Re7
22. Bd6 1-0

[Event "AUTO-ADV-39"]
[Site "http://www.queenalice.com/game.php?id=41008"]
[Date "2005.12.1"]
[Round "2"]
[White "NimbleKnight"]
[Black "igorrs"]
[Result "0-1"]
[WhiteElo "1854"]
[BlackElo "1967"]

1. e4 e5 2. Nf3 Nf6 3. Nxe5 d6 4. Nf3 Nxe4 5. d4 d5 6. Bd3 Nc6 7. O-O Be7 8. Re1
Bg4 9. c3 f5 10. Qb3 Rb8 0-1

[Event "AUTO-ADV-39"]
[Site "http://www.queenalice.com/game.php?id=41009"]
[Date "2005.12.1"]
[Round "2"]
[White "igorrs"]
[Black "NimbleKnight"]
[Result "1-0"]
[WhiteElo "1989"]
[BlackElo "1917"]

1. e4 e5 2. Nf3 Nc6 3. Bb5 a6 4. Bxc6 dxc6 5. O-O Qd6 6. d4 exd4 7. Nxd4 Bd7 8.
Nc3 O-O-O 9. Be3 Nh6 10. Bg5 Be7 11. Nf3 Bxg5 12. Qxd6 cxd6 13. Nxg5 f6 14. Nf3
Rhe8 15. a4 b6 16. b4 Nf7 17. Rfe1 Kc7 18. b5 cxb5 19. axb5 a5 20. Nd4 Kb7 21.
Red1 Rc8 22. Ra3 Rc4 23. h4 Ne5 24. Nd5 Be6 25. Rg3 Bxd5 26. Rxg7+ Bf7 27. Nf5
Rg8 28. Nxd6+ Kc7 29. Rxf7+ Nxf7 30. Nxc4 Rg4 31. Ne3 Rxe4 32. Nd5+ Kb8 33. Nxb6
Rxh4 34. Nd7+ Kc8 35. c4 f5 36. Nb6+ Kc7 37. c5 Ng5 38. Rd7+ Kb8 39. c6 Rb4 40.
Rb7# 1-0

[Event "AUTO-ADV-39"]
[Site "http://www.queenalice.com/game.php?id=41012"]
[Date "2005.12.1"]
[Round "2"]
[White "igorrs"]
[Black "nightsend"]
[Result "1/2-1/2"]
[WhiteElo "1978"]
[BlackElo "2113"]

1. e4 c5 2. Nf3 e6 3. c4 Nc6 4. Nc3 a6 5. Be2 Qc7 6. d3 Nf6 7. O-O Be7 8. d4
cxd4 9. Nxd4 O-O 10. Be3 Ne5 11. Rc1 d6 12. a4 b6 1/2-1/2

[Event "AUTO-ADV-39"]
[Site "http://www.queenalice.com/game.php?id=41013"]
[Date "2005.12.1"]
[Round "2"]
[White "nightsend"]
[Black "igorrs"]
[Result "1/2-1/2"]
[WhiteElo "2139"]
[BlackElo "1918"]

1. e4 e5 2. f4 Bc5 3. Nf3 d6 4. c3 Nf6 5. d4 exd4 6. cxd4 Bb4+ 7. Bd2 Bxd2+ 8.
Nbxd2 Qe7 9. Bd3 O-O 10. O-O Nd5 11. exd5 Qe3+ 12. Kh1 Qxd3 13. Qa4 1/2-1/2

[Event "AUTO-MASTER-49"]
[Site "http://www.queenalice.com/game.php?id=55256"]
[Date "2006.2.28"]
[Round "2"]
[White "csparrow"]
[Black "igorrs"]
[Result "1-0"]
[WhiteElo "2244"]
[BlackElo "1998"]

1. Nf3 Nf6 2. d4 e6 3. c4 b6 4. a3 Bb7 5. Nc3 c5 6. d5 d6 7. e4 Be7 8. Be2 O-O
9. O-O a6 10. Qd3 Re8 11. a4 exd5 12. cxd5 Nbd7 13. Nd2 Bf8 14. Qg3 g6 15. f4
Bg7 16. Bf3 Qe7 17. Kh1 a5 18. e5 Nh5 19. Bxh5 gxh5 20. Nde4 dxe5 21. f5 f6 22.
Qh3 Ba6 23. Rf3 Red8 24. Rg3 Kh8 25. Qxh5 Qe8 26. Qh4 Qf7 27. Rh3 Bf8 28. Be3
Ra7 29. g4 Rb8 30. g5 fxg5 31. Nxg5 Qxf5 32. Rf3 1-0

[Event "AUTO-MASTER-49"]
[Site "http://www.queenalice.com/game.php?id=55257"]
[Date "2006.2.28"]
[Round "2"]
[White "igorrs"]
[Black "csparrow"]
[Result "0-1"]
[WhiteElo "2002"]
[BlackElo "2251"]

1. e4 c5 2. Nf3 d6 3. Bb5+ Nd7 4. d4 Nf6 5. Nc3 cxd4 6. Qxd4 e5 7. Qd3 h6 8. Be3
Be7 9. Bc4 O-O 10. O-O Nb6 11. Bb3 Be6 12. Bxe6 fxe6 13. a4 Ng4 14. Bxb6 Qxb6
15. a5 Qc6 16. Rfd1 Rac8 17. h3 Nf6 18. a6 b6 19. Nb5 Qxe4 20. Ne1 Rc5 21. Nxa7
Ra8 22. Qxe4 Nxe4 23. b4 Rc4 24. Nb5 Rxb4 25. Nc7 Ra7 26. Nd3 Rc4 27. Nb5 Ra8
28. Ra2 Nf6 29. f3 Nd5 30. Re1 g5 31. Re4 Rcc8 32. a7 Kf7 33. Rea4 Nc3 34. Nxc3
Rxc3 35. Kf2 Ke8 36. Ra6 Rc7 37. Ke3 Kd7 38. c4 Kc8 39. Ke2 Kb7 40. R6a4 h5 41.
g3 Bf6 42. g4 hxg4 43. hxg4 d5 44. cxd5 exd5 45. Nb4 Rc5 46. Ke3 Be7 47. Nd3 Rc4
48. Rxc4 dxc4 49. Nxe5 b5 50. Rb2 Ka6 51. Nc6 Bc5+ 52. Ke4 Bxa7 53. Nb4+ Kb7 54.
Nc2 Kc6 55. Nb4+ Kc5 56. Na6+ Kb6 57. Nb4 Bb8 58. Rd2 Bg3 59. Rd5 Ra4 60. Nc2 b4
61. Nxb4 Rxb4 62. Rxg5 c3+ 63. Kd3 Rc4 64. Kc2 Kc6 65. Ra5 Kd6 66. Ra2 Bf4 67.
Kd3 Kc5 68. g5 Kb4 69. g6 Kb3 70. g7 Rc8 71. Rg2 Rg8 72. Rg6 Rd8+ 0-1

[Event "AUTO-MASTER-49"]
[Site "http://www.queenalice.com/game.php?id=55260"]
[Date "2006.2.28"]
[Round "2"]
[White "igorrs"]
[Black "jimwilson"]
[Result "1/2-1/2"]
[WhiteElo "1992"]
[BlackElo "1915"]

1. e4 c6 2. d4 d5 3. Nc3 dxe4 4. Nxe4 Nf6 5. Nxf6+ gxf6 6. Nf3 Qd6 7. Be2 Rg8 8.
O-O Bg4 9. Qd3 Nd7 10. Qxh7 Rg6 11. c3 Qe6 12. Bd1 O-O-O 13. Bb3 Qe2 14. Re1 Qa6
15. Nh4 Rg7 16. Qh8 Qd3 17. Re3 Qh7 18. Qxh7 Rxh7 19. f3 Bh5 20. Re4 e6 21. g4
f5 22. gxf5 exf5 23. Re2 Bd6 24. Nxf5 Bc7 25. h4 Bxf3 26. Re7 Bh5 27. Bg5 Bg6
28. Rf1 Rdh8 29. a4 Bd8 30. Nd6+ Kc7 31. Nxf7 Bxe7 32. Nxh8 Bxg5 33. Nxg6 Bxh4
34. Nxh4 Rxh4 35. Rf7 Kd6 36. Bc2 Ke6 37. Rg7 b6 38. a5 Rf4 39. a6 Kd6 40. Bd3
Rf8 41. Be2 Re8 42. Bf3 c5 43. Kf2 Re7 44. Rg6+ Kc7 45. b4 cxd4 46. cxd4 b5 47.
Rc6+ Kd8 48. Rd6 Rf7 49. Ke3 Rf6 50. Rc6 Rxc6 51. Bxc6 Nf6 52. Bxb5 Nd5+ 53. Kd3
Nxb4+ 54. Kc4 Nc2 55. d5 Ne3+ 56. Kc5 Nxd5 57. Kxd5 Kc7 58. Kc5 Kb8 59. Kc6 Ka8
60. Bc4 Kb8 61. Bd5 Kc8 62. Kd6 Kb8 1/2-1/2

[Event "AUTO-MASTER-49"]
[Site "http://www.queenalice.com/game.php?id=55261"]
[Date "2006.2.28"]
[Round "2"]
[White "jimwilson"]
[Black "igorrs"]
[Result "0-1"]
[WhiteElo "1948"]
[BlackElo "1983"]

1. d4 Nf6 2. c4 e6 3. Nc3 Bb4 4. Bg5 c5 5. dxc5 Na6 6. e4 Bxc3+ 7. bxc3 Qa5 8.
Qf3 Nxe4 9. Bf4 Naxc5 10. Rd1 Qxc3+ 11. Qxc3 Nxc3 12. Rd2 d5 13. Rc2 N3a4 14.
cxd5 exd5 15. Bd6 b6 16. Nf3 Kd7 17. Bg3 Re8+ 18. Ne5+ Kd6 19. Re2 Ba6 20. Nxf7+
Kc6 21. Ne5+ Kb7 22. Rd2 Bxf1 23. Kxf1 Ne4 24. Rxd5 Rac8 25. Bf4 g5 26. Be3 Nf6
27. Rd6 Rxe5 28. Rxf6 Rxe3 29. Rf7+ Ka6 30. fxe3 Rc1+ 31. Kf2 Rxh1 32. Rxh7 Ra1
33. h4 Rxa2+ 34. Kf3 gxh4 35. Rxh4 Nc3 36. g4 Ra1 37. g5 Rf1+ 38. Kg4 Nd5 39.
Rh3 Kb5 40. Rg3 Ne7 41. Kh5 a5 42. g6 a4 43. e4 Kc4 44. g7 b5 45. e5 b4 46. e6
b3 47. g8=Q Nxg8 48. Rxg8 b2 49. e7 Rh1+ 0-1